Štatistická ročenka hlavného mesta SR Bratislavy 2006
Gespeichert in:
| Format: | Buch |
|---|---|
| Sprache: | Slowakisch Englisch |
| Veröffentlicht: |
Bratislava
Štatistický úrad SR - Krajská správa v Bratislave
2006
|
| Schlagworte: | |
| Tags: |
Keine Tags, Fügen Sie das erste Tag hinzu!
|
MARC
| LEADER | 00000nam$a2200000$$$4500 | ||
|---|---|---|---|
| 001 | 0052408 | ||
| 005 | 20240509073245.2 | ||
| 020 | |a 80-967865-4-7 | ||
| 041 | 0 | |a slo | |
| 041 | 0 | |a eng | |
| 044 | |a SK | ||
| 245 | 1 | 0 | |a Štatistická ročenka hlavného mesta SR Bratislavy 2006 |
| 264 | 1 | |a Bratislava |b Štatistický úrad SR - Krajská správa v Bratislave |c 2006 | |
| 300 | |a 252 s. | ||
| 610 | 2 | 0 | |a mestá |
| 610 | 2 | 0 | |a Slovensko |
| 610 | 2 | 0 | |a Bratislava |